Los mejores cuentos de animales /

La furia del jaguar -- El mono y la tortuga -- La zorra y el lobo

Guardado en:
Autor Principal: Palermo, Miguel Ángel.
Otros Autores: Túnica, Pablo; il.
Formato: Libro
Idioma:Undetermined
Publicado: Buenos Aires : Arte Gráfico, 2008.
Edición:1a ed.
Series:Genios - Grandes libros ilustrados ; 4
Materias:
Etiquetas: Agregar Etiqueta
Sin Etiquetas, Sea el primero en etiquetar este registro!
LEADER 00761nam a22002175a 4500
001 CEM.cems021163
008 240514s2008####ag############000#0#und#d
005 20240514191414.0
245 1 0 |a Los mejores cuentos de animales /  |c Miguel Ángel Palermo; ilustrado por Aldo Chiappe. 
250 |a 1a ed. 
260 |a Buenos Aires :  |b Arte Gráfico,  |c 2008. 
300 |a 48 p. 
490 1 |a Genios - Grandes libros ilustrados ;  |v 4 
520 |a La furia del jaguar -- El mono y la tortuga -- La zorra y el lobo 
020 |a 9789870702146 
100 1 |a Palermo, Miguel Ángel. 
700 1 |a Túnica, Pablo; il. 
653 |a Cuentos 
653 |a Literatura argentina 
653 |a Cuentos argentinos 
859 |a CEMS  |b BIB. CEMS - Inicial y Primaria  |h A868.4  |i P174-4  |k IP  |p 6564  |t Ej.1